| 000 | 00822cam a2200277 i 4500 | ||
|---|---|---|---|
| 999 |
_c200446781 _d64993 |
||
| 003 | TR-AnTOB | ||
| 005 | 20220215001226.0 | ||
| 007 | ta | ||
| 008 | 110905s1991 tu 00p tu | ||
| 020 | _a9750355009x | ||
| 040 |
_aTR-AnTOB _beng _cTR-AnTOB _erda |
||
| 041 | 0 | _atur | |
| 050 | 1 | 4 |
_aPL234.E7644 _bY57 1991 |
| 090 |
_aPL234 .E7644 _bY57 1991 |
||
| 100 | 1 |
_aEroğlu, Ebubekir _976529 _eauthor |
|
| 245 | 1 | 0 |
_aYirmidört şiir / _cEbubekir Eroğlu. |
| 264 | 1 |
_aİstanbul : _bİz Yayıncılık, _c1991. |
|
| 300 |
_a69 pages ; _c15 cm |
||
| 336 |
_2rdacontent _atext _btxt |
||
| 337 |
_2rdamedia _aunmediated _bn |
||
| 338 |
_2rdacarrier _avolume _bnc |
||
| 490 | 0 |
_aİz yayoncılık ; _v42 _aSanat-Edebiyat Dizisi (şiir) ; _v1 |
|
| 650 | 0 | 7 |
_aTürk şiiri _2etuturkob _984273 |
| 942 |
_cBK _2lcc |
||